Relatively speaking : (Record no. 110606)
[ view plain ]
| 000 -LEADER | |
|---|---|
| fixed length control field | 00304nam a2200121 a 4500 |
| 001 - CONTROL NUMBER | |
| control field | 4140 |
| 005 - DATE AND TIME OF LATEST TRANSACTION | |
| control field | 20140414131900.0 |
| 008 - FIXED-LENGTH DATA ELEMENTS--GENERAL INFORMATION | |
| fixed length control field | 090218s19uu xx 00 eng d |
| 050 ## - LIBRARY OF CONGRESS CALL NUMBER | |
| Classification number | M 811.54 |
| Item number | F62 1999 |
| 100 ## - MAIN ENTRY--PERSONAL NAME | |
| Personal name | Fletcher, Ralph |
| 245 ## - TITLE STATEMENT | |
| Title | Relatively speaking : |
| Remainder of title | poems about family. |
| Withdrawn status | Lost status | Damaged status | Home library | Current library | Shelving location | Date acquired | Total Checkouts | Full call number | Barcode | Date last seen | Price effective from | Koha item type |
|---|---|---|---|---|---|---|---|---|---|---|---|---|
| Munich Library | Munich Library | Main Section | 02/18/2009 | M 811.54 F62 1999 | M1057 | 04/14/2014 | 04/14/2014 | Books |